• 首页
  • 本馆介绍
  • 公告通知
  • 最新文献
  • 馆藏检索
  • 电子资源
  • 读者导购
  • 参考咨询
  • 我的图书馆
  • 登录
  • 详细信息显示
  • 放入我的书架
  • 预约/预借图书
  • 作者相关作品
  • 分类相关作品
  • 丛书相关作品
  • 出版社相关作品

书目信息

  • 表格格式
  • 工作单格式
  • 卡片格式
题名:
小学语文朗读教学参考
    
 
作者: ;上海教育出版社 编
分册:  
出版信息: 上海   上海教育出版社  1981
页数: 195页
开本: 19cm
丛书名:
单 册:
中图分类: G623.23 , G623.1
科图分类:
主题词: 语文-阅读教学--小学--教学参考资料 , 阅读教学-语文--小学--教学参考资料
电子资源:
ISBN:
000 00782nam0 2200265 45
001 0181007294
005 20040425151538.2
010    @dCNY0.44
091    @a7150.2593
100    @a19950705d1981 em y0chiy0121 ea
101 0  @achi
102    @aCN@b310000
105    @ay z 000yy
106    @ar
200 10 @a小学语文朗读教学参考@Axiao xue yu wen lang du jiao xue can kao@f上海教育出版社编
210    @a上海@c上海教育出版社@d1981
215    @a195页@d19cm
606    @a语文-阅读教学@x小学@x教学参考资料
606    @a阅读教学-语文@x小学@x教学参考资料
690    @aG623.23@v3
690    @aG623.1
711 02 @a上海教育出版社@Ashang hai jiao yu chu ban she@4编
801  0 @aCN@b上海图书馆@c20040425
801  2 @aCN@bNLC@c20040425
905    @f1@b61582@f1@b64584@dG623.1@e59
    
    小学语文朗读教学参考/上海教育出版社编.-上海:上海教育出版社,1981
    195页;19cm
    
    
    ISBN :CNY0.44
    
●
相关链接 在E读中查询图书 在五车中查询图书 在当当中查询图书 在豆瓣中查询图书


正题名:小学语文朗读教学参考     索取号:G623.1/59         预约/预借

序号 登录号 条形码 馆藏地/架位号 状态 备注
1 0061582   000465384   密集书库/ [索取号:G623.1/59] 在馆    
2 0064584   000465525   第一样本阅览室/ [索取号:G623.1/59] 在馆    
唐山师范学院图书馆 欢迎您!
大连网信软件有限公司© 版权所有